<A> Regulatory regime for financial stability

Enregistré dans:
Détails bibliographiques
Auteur principal: Llewellyn, David T.
Format: Livre
Langue:anglais
Publié: Wien Oesterreichische Nationalbank 2001
Collection:Working paper 48
Sujets:
Tags: Ajouter un tag
Pas de tags, Soyez le premier à ajouter un tag!

MARC

LEADER 00000nam a2200000 4500
001 c130337
005 20221124105355.7
041 0 |a eng 
044 |a AT 
245 1 0 |a <A> Regulatory regime for financial stability  |c David T. Llewellyn 
264 1 |a Wien  |b Oesterreichische Nationalbank  |c 2001 
300 |a 49 s. 
490 1 |a Working paper  |v 48 
830 0 |a Working paper  |v 48 
610 2 0 |a politika finančná 
610 2 0 |a regulácia 
610 2 0 |a banky 
610 2 0 |a financie 
610 2 0 |a kríza banková 
100 1 |a Llewellyn, David T.